000 00523nam a2200193Ia 4500
003 OSt
005 20230606202320.0
008 210423s2011 xx 000 0 und d
040 _cAL
082 _a331
_223
_bSENI
100 _aSEN (Ratna)
_9120344
245 _aIndustrial relations: texts and cases
260 _aND
_bMacmillan and Company
_c2011
365 _b335
_cINR
650 _aEconomics
_9120345
650 _aLabour Economics
_9120346
906 _acases ; Industrial ; relations: ; texts
942 _2ddc
_cBK
999 _c175925
_d175925